000 00496nam a2200181Ia 4500
005 20250508152350.0
008 008 250505s9999 xx 000 0 hin d
037 _aTextual
040 _aFEDL
_beng
_cFEDL
041 _ahin
_2hin
084 _a808, HAR
_qFEDL
100 _aHarioudh
_9761303
245 0 _aRus sahitya aur samikshayin
260 _aBanaras, India
_bHindi - Pracharak Pustakalya
_c1956
300 _a261p
942 _cTEXL
_h808, HAR
999 _c1335947
_d1335947